[Event "candidates (w)"]
[Site "Tilburg NED"]
[Date "1994.09.??"]
[Round "1"]
[White "Ioseliani, Nana"]
[Black "Arakhamia, Ketevan"]
[Result "1/2-1/2"]
[WhiteElo "2435"]
[BlackElo "2450"]
[EventDate "1994.09.10"]
[PlyCount "29"]

1.c4 Nf6 2.Nc3 c5 3.g3 g6 4.Bg2 Bg7 5.Nf3 Nc6 6.O-O O-O 7.d3 d6 8.a3 Bd7 
9.Rb1 a5 10.Ne1 Rb8 11.Bg5 Ne8 12.Qd2 Nc7 13.a4 Nd4 14.Bh6 Bc6 15.Bxg7 
1/2-1/2

[Event "candidates (w)"]
[Site "Tilburg NED"]
[Date "1994.09.??"]
[Round "1"]
[White "Maric, Alisa"]
[Black "Cramling, Pia"]
[Result "1-0"]
[WhiteElo "2400"]
[BlackElo "2525"]
[EventDate "1994.09.10"]
[PlyCount "87"]

1.Nf3 Nf6 2.c4 g6 3.g3 Bg7 4.Bg2 O-O 5.O-O d6 6.d4 c6 7.Nc3 Qa5 8.e4 e5 9.
h3 exd4 10.Nxd4 Qc5 11.Nb3 Qb4 12.Bf4 Ne8 13.c5 dxc5 14.a3 Qc4 15.Rc1 b6 
16.Nd5 Qa6 17.Ne7+ Kh8 18.Bxb8 Rxb8 19.Nxc6 Rb7 20.e5 Bf5 21.Qf3 Rc7 22.
Rfd1 Qb5 23.Rd8 Be6 24.Rc3 c4 25.Nbd4 Qxb2 26.Qe3 b5 27.Rb8 a6 28.Nb4 Rc8 
29.Nxa6 Rxb8 30.Nxb8 Nc7 31.Nxe6 fxe6 32.Nd7 Rd8 33.Nf6 Qd2 34.Qxd2 Rxd2 
35.a4 Rd3 36.Rc1 Rd4 37.axb5 Nxb5 38.Rb1 Bxf6 39.exf6 Rd8 40.Rxb5 Rc8 41.
Be4 c3 42.Bc2 Kg8 43.Rb7 Rd8 44.Rc7 1-0

[Event "candidates (w)"]
[Site "Tilburg NED"]
[Date "1994.09.??"]
[Round "1"]
[White "Peng Zhaoqin"]
[Black "Foisor, Cristina"]
[Result "1-0"]
[WhiteElo "2370"]
[BlackElo "2405"]
[EventDate "1994.09.10"]
[PlyCount "139"]

1.d4 Nf6 2.c4 g6 3.Nc3 Bg7 4.e4 d6 5.Be2 O-O 6.Nf3 e5 7.O-O Na6 8.Be3 Ng4 
9.Bg5 f6 10.Bh4 Qe8 11.Re1 Nh6 12.h3 Kh8 13.a3 c6 14.d5 c5 15.Nd2 f5 16.
Nb5 Qd7 17.f3 f4 18.b4 b6 19.Qa4 Bf6 20.Bf2 Nf7 21.Nb3 Qe7 22.bxc5 bxc5 
23.Bf1 Bh4 24.Re2 Bxf2+ 25.Rxf2 h5 26.Na5 Nb8 27.Rb1 g5 28.Qd1 Rg8 29.Be2 
a6 30.Nc3 Qc7 31.Nc6 Bd7 32.Ne7 Re8 33.Nf5 Bxf5 34.exf5 Nd7 35.Ne4 Kg7 36.
Bd3 Nf6 37.Rfb2 Rab8 38.Qa4 Nxe4 39.Bxe4 Rxb2 40.Rxb2 Rb8 41.Rxb8 Qxb8 42.
Qd7 Qd8 43.Qe6 Qf6 44.Kf1 Nd8 45.Qc8 Nf7 46.Qxa6 g4 47.Qc8 gxh3 48.gxh3 
Qh4 49.f6+ Qxf6 50.a4 Qg5 51.Qf5 Qh4 52.Qg6+ Kf8 53.Bf5 e4 54.Be6 Ne5 55.
Qxe4 Qg3 56.Qf5+ Ke7 57.Qh7+ Kd8 58.Qh8+ Ke7 59.Qxh5 Qxf3+ 60.Qxf3 Nxf3 
61.a5 Nd2+ 62.Ke2 Nxc4 63.a6 Kf6 64.h4 Nb6 65.Kf3 Ke5 66.h5 c4 67.h6 Kf6 
68.Kxf4 Kg6 69.Ke4 Kxh6 70.a7 1-0

[Event "candidates (w)"]
[Site "Tilburg NED"]
[Date "1994.09.??"]
[Round "2"]
[White "Foisor, Cristina"]
[Black "Maric, Alisa"]
[Result "1/2-1/2"]
[WhiteElo "2405"]
[BlackElo "2400"]
[EventDate "1994.09.10"]
[PlyCount "168"]

1.c4 e5 2.g3 Nf6 3.Bg2 d5 4.cxd5 Nxd5 5.Nc3 Nb6 6.Nf3 Nc6 7.a3 a5 8.d3 Be7
9.O-O O-O 10.Be3 Be6 11.Rc1 f5 12.Nd2 Qd7 13.Bxb6 cxb6 14.Nc4 Bxc4 15.dxc4
Qxd1 16.Rfxd1 Rad8 17.Bd5+ Kh8 18.Na4 Nd4 19.Nc3 Nc6 20.Rb1 Rd6 21.b4 axb4
22.axb4 Rdd8 23.Bxc6 bxc6 24.b5 cxb5 25.Rxd8 Bxd8 26.Rxb5 g6 27.Nd5 Kg7 
28.Nxb6 Bxb6 29.Rxb6 Rc8 30.Rb4 Kf6 31.h4 Ke6 32.Kg2 e4 33.Ra4 Ke5 34.e3 
Rc7 35.Ra5+ Ke6 36.Ra6+ Ke5 37.Ra4 Kd6 38.Kh3 Kc5 39.g4 fxg4+ 40.Kxg4 Rf7 
41.Kg3 Rf3+ 42.Kg2 Rf7 43.Kf1 Re7 44.Ke2 Re8 45.Kd2 Rd8+ 46.Kc3 Rd3+ 47.
Kc2 Rd6 48.Ra5+ Kxc4 49.Re5 Rf6 50.Rxe4+ Kc5 51.f4 Rf5 52.Ra4 Kb5 53.Ra1 
Rh5 54.Rh1 Kc4 55.Kd2 Kd5 56.Kd3 Ke6 57.Ke4 Kf6 58.Kf3 Ra5 59.Rb1 Ra6 60.
Rb5 h5 61.Rb3 Rc6 62.e4 Ra6 63.Ke3 Ke6 64.Rc3 Rb6 65.Ra3 Rb1 66.Ra6+ Kf7 
67.Kd4 Rh1 68.Ke5 Rxh4 69.Ra7+ Kf8 70.Rb7 Rg4 71.Ra7 h4 72.f5 gxf5 73.Kxf5
Rg7 74.Ra8+ Ke7 75.Rh8 Rf7+ 76.Ke5 Rg7 77.Kd5 Rg6 78.Rh7+ Ke8 79.Rxh4 Ra6 
80.Rh7 Ra5+ 81.Ke6 Ra6+ 82.Kf5 Ra5+ 83.e5 Ra6 84.Rb7 Rc6 1/2-1/2

[Event "candidates (w)"]
[Site "Tilburg NED"]
[Date "1994.09.??"]
[Round "2"]
[White "Galliamova-Ivanchuk, Alisa"]
[Black "Peng Zhaoqin"]
[Result "1/2-1/2"]
[WhiteElo "2475"]
[BlackElo "2370"]
[EventDate "1994.09.10"]
[PlyCount "82"]

1.d4 Nf6 2.c4 g6 3.Nc3 Bg7 4.e4 d6 5.f3 O-O 6.Bg5 c5 7.d5 e6 8.Qd2 exd5 9.
cxd5 a6 10.Nge2 b5 11.a4 b4 12.Nd1 h6 13.Be3 Nbd7 14.Rc1 Nh7 15.Nf2 Qh4 
16.Nf4 Ne5 17.Be2 Bd7 18.b3 a5 19.O-O Rfe8 20.N4d3 Nxd3 21.Nxd3 f5 22.Bf2 
Qe7 23.e5 Bxe5 24.Nxe5 Qxe5 25.Rfe1 Qf6 26.Qxh6 Qg5 27.Qxg5 Nxg5 28.Bd3 
Nf7 29.f4 Nh6 30.h3 Kf7 31.Rxe8 Rxe8 32.Re1 Rxe1+ 33.Bxe1 Ng8 34.Bh4 Nf6 
35.Bxf6 Kxf6 36.Kf2 Be8 37.Kg3 Bf7 38.Bc4 Kg7 39.Kh4 Kh6 40.g4 Bg8 41.Kg3 
Bf7 1/2-1/2

[Event "candidates (w)"]
[Site "Tilburg NED"]
[Date "1994.09.??"]
[Round "3"]
[White "Ioseliani, Nana"]
[Black "Cramling, Pia"]
[Result "1/2-1/2"]
[WhiteElo "2435"]
[BlackElo "2525"]
[EventDate "1994.09.10"]
[PlyCount "45"]

1.d4 d5 2.Nf3 c6 3.e3 Bf5 4.c4 e6 5.Qb3 Qb6 6.Nc3 Nf6 7.Qxb6 axb6 8.Nh4 
Bc2 9.cxd5 exd5 10.Kd2 Bb3 11.Bd3 b5 12.Ke2 g6 13.Bd2 Bc4 14.Bxc4 bxc4 15.
a4 Be7 16.Nf3 Nbd7 17.b3 cxb3 18.Rhb1 O-O 19.Rxb3 b5 20.Rbb1 bxa4 21.Rxa4 
Rxa4 22.Nxa4 Ra8 23.Nc3 1/2-1/2

[Event "candidates (w)"]
[Site "Tilburg NED"]
[Date "1994.09.??"]
[Round "3"]
[White "Maric, Alisa"]
[Black "Galliamova-Ivanchuk, Alisa"]
[Result "1-0"]
[WhiteElo "2400"]
[BlackElo "2475"]
[EventDate "1994.09.10"]
[PlyCount "97"]

1.d4 d5 2.c4 c6 3.Nf3 Nf6 4.e3 Bf5 5.Bd3 Bxd3 6.Qxd3 e6 7.O-O Nbd7 8.Nc3 
Bb4 9.Bd2 Qa5 10.a3 Bxc3 11.Bxc3 Qa6 12.b3 O-O 13.Nd2 Rfd8 14.a4 c5 15.
Rfd1 Rac8 16.Rac1 h6 17.h3 cxd4 18.Bxd4 e5 19.Ba1 e4 20.Qb1 dxc4 21.Rxc4 
Rxc4 22.Nxc4 Re8 23.Nd6 Re6 24.Nb5 Re7 25.Qc2 Ne5 26.Qc8+ Re8 27.Rd8 Qc6 
28.Rxe8+ Nxe8 29.Nxa7 Qxc8 30.Nxc8 Nd3 31.Bd4 Nc1 32.b4 Ne2+ 33.Kf1 Nxd4 
34.exd4 f6 35.Ke2 Kf7 36.Ke3 f5 37.d5 g5 38.Kd4 Kf6 39.a5 h5 40.b5 Nc7 41.
Nd6 g4 42.b6 Nxd5 43.hxg4 Nb4 44.Nxb7 hxg4 45.g3 Nc6+ 46.Ke3 Ke5 47.Nc5 
Kd6 48.a6 Nb4 49.b7 1-0

[Event "candidates (w)"]
[Site "Tilburg NED"]
[Date "1994.09.??"]
[Round "4"]
[White "Cramling, Pia"]
[Black "Arakhamia, Ketevan"]
[Result "1-0"]
[WhiteElo "2525"]
[BlackElo "2450"]
[EventDate "1994.09.10"]
[PlyCount "89"]

1.d4 d5 2.c4 c6 3.Nc3 Nf6 4.Bg5 e6 5.e3 Be7 6.Qc2 Nbd7 7.Nf3 O-O 8.O-O-O 
Re8 9.Kb1 a6 10.h4 b5 11.c5 b4 12.Na4 a5 13.Bxf6 Bxf6 14.Ng5 Nf8 15.Bd3 g6
16.Nb6 Ra7 17.Nxc8 Qxc8 18.f4 a4 19.Qf2 Bxg5 20.hxg5 f5 21.gxf6 Rf7 22.Rh6
Qd8 23.Qd2 b3 24.a3 Qxf6 25.Qa5 Qg7 26.Rdh1 Ra7 27.Qb4 Qb7 28.Qd2 Re7 29.
g3 Rg7 30.Qg2 Qf7 31.Rd1 Nd7 32.Rhh1 Nf6 33.g4 h5 34.gxh5 gxh5 35.Qh3 Ng4 
36.Rdf1 Kf8 37.Rf3 Re7 38.f5 e5 39.f6 Nxf6 40.Rhf1 e4 41.Rxf6 exd3 42.Qc8+
Re8 43.Rxf7+ Rxf7 44.Rxf7+ Kxf7 45.Qf5+ 1-0

[Event "candidates (w)"]
[Site "Tilburg NED"]
[Date "1994.09.??"]
[Round "4"]
[White "Foisor, Cristina"]
[Black "Ioseliani, Nana"]
[Result "0-1"]
[WhiteElo "2405"]
[BlackElo "2435"]
[EventDate "1994.09.10"]
[PlyCount "102"]

1.c4 e6 2.g3 d5 3.Bg2 Nf6 4.Nf3 dxc4 5.Qa4+ Nbd7 6.Qxc4 c5 7.Qb3 Bd6 8.d3 
O-O 9.O-O Rb8 10.Nc3 b5 11.Ng5 Be7 12.Nge4 Nxe4 13.Nxe4 Bb7 14.Bf4 Bd5 15.
Qc2 Rb6 16.f3 f5 17.Nf2 e5 18.Bd2 f4 19.Ba5 Rff6 20.e4 Be6 21.Bh3 Bxh3 22.
Nxh3 Rg6 23.g4 Nf8 24.Bxb6 Qxb6 25.Kh1 Ne6 26.Ng1 h5 27.gxh5 Rh6 28.Rf2 
Rxh5 29.Rg2 Nd4 30.Qd1 Qh6 31.Qf1 Bh4 32.Rg4 Nc2 33.Rc1 Ne3 34.Qe2 Bg3 35.
h3 Rxh3+ 36.Nxh3 Qxh3+ 37.Kg1 Nxg4 38.fxg4 Bh2+ 39.Qxh2 Qe3+ 40.Qf2 Qxc1+ 
41.Kg2 Qd1 42.Qxc5 Qxg4+ 43.Kf2 Qg3+ 44.Ke2 Kh7 45.Qxa7 f3+ 46.Kd1 Qg2 47.
Qf7 Qe2+ 48.Kc1 f2 49.Qf5+ g6 50.Qh3+ Kg7 51.Qd7+ Kh6 0-1

[Event "candidates (w)"]
[Site "Tilburg NED"]
[Date "1994.09.??"]
[Round "4"]
[White "Peng Zhaoqin"]
[Black "Maric, Alisa"]
[Result "1/2-1/2"]
[WhiteElo "2370"]
[BlackElo "2400"]
[EventDate "1994.09.10"]
[PlyCount "58"]

1.d4 Nf6 2.c4 e6 3.Nf3 d5 4.Nc3 Be7 5.Bg5 h6 6.Bh4 O-O 7.e3 b6 8.Rc1 Bb7 
9.Bxf6 Bxf6 10.cxd5 exd5 11.Bd3 c5 12.O-O Nd7 13.Bb5 Be7 14.dxc5 Nxc5 15.
Nd4 Rc8 16.Qg4 Bf6 17.Rfd1 Ne4 18.Nxe4 Bxd4 19.exd4 dxe4 20.Qd7 Rxc1 21.
Rxc1 Qg5 22.Rc7 Bd5 23.h4 Qh5 24.g4 Qxh4 25.Qxd5 Qxg4+ 26.Kf1 Qd1+ 27.Kg2 
Qf3+ 28.Kg1 Qg4+ 29.Kf1 Qd1+ 1/2-1/2

[Event "candidates (w)"]
[Site "Tilburg NED"]
[Date "1994.09.??"]
[Round "5"]
[White "Arakhamia, Ketevan"]
[Black "Foisor, Cristina"]
[Result "0-1"]
[WhiteElo "2450"]
[BlackElo "2405"]
[EventDate "1994.09.10"]
[PlyCount "124"]

1.e4 e5 2.Nf3 Nc6 3.Bb5 a6 4.Ba4 Nf6 5.O-O Be7 6.Re1 b5 7.Bb3 d6 8.c3 O-O 
9.h3 Bb7 10.d4 Re8 11.Ng5 Rf8 12.Nf3 Re8 13.Nbd2 Bf8 14.d5 Nb8 15.Nf1 Nbd7
16.Ng3 g6 17.Nh2 h5 18.Qf3 Nh7 19.Nxh5 gxh5 20.Qxh5 Ndf6 21.Qf3 Bg7 22.g4 
Nd7 23.Qg3 c6 24.dxc6 Bxc6 25.g5 Nc5 26.g6 Nxb3 27.gxh7+ Kxh7 28.axb3 Re6 
29.Ng4 Rg6 30.Kh2 d5 31.Rd1 d4 32.f3 Bd7 33.Bd2 Qe7 34.Re1 Rh8 35.Rac1 d3 
36.Be3 Be6 37.Rcd1 Qd7 38.b4 Kg8 39.Rg1 Rh5 40.Rd2 f5 41.exf5 Bxf5 42.Rdg2
Kh7 43.Qf2 e4 44.Rg3 Qc7 45.f4 Qc8 46.Qg2 Bxg4 47.Rxg4 Rxg4 48.Qxg4 Qxg4 
49.Rxg4 Rd5 50.Rg2 Kg8 51.Kg3 Kf7 52.Kg4 Bh6 53.Rd2 Kf6 54.h4 Rd7 55.Bd4+ 
Rxd4 56.cxd4 Bf8 57.f5 Bxb4 58.Rd1 e3 59.Rxd3 e2 60.Re3 e1=Q 61.Rxe1 Bxe1 
62.h5 Bd2 0-1

[Event "candidates (w)"]
[Site "Tilburg NED"]
[Date "1994.09.??"]
[Round "6"]
[White "Galliamova-Ivanchuk, Alisa"]
[Black "Arakhamia, Ketevan"]
[Result "1-0"]
[WhiteElo "2475"]
[BlackElo "2450"]
[EventDate "1994.09.10"]
[PlyCount "91"]

1.d4 Nf6 2.c4 g6 3.Nc3 Bg7 4.e4 d6 5.f3 O-O 6.Bg5 c5 7.d5 e6 8.Qd2 exd5 9.
Nxd5 Be6 10.Ne2 Bxd5 11.cxd5 Nbd7 12.Nc3 a6 13.Be2 b5 14.O-O Qc7 15.a4 c4 
16.axb5 axb5 17.b4 Qb7 18.Be3 Ra6 19.Rxa6 Qxa6 20.Bd4 Ra8 21.f4 Ne8 22.Bg4
Qb7 23.Kh1 Ra3 24.Bxg7 Nxg7 25.e5 f5 26.exf6 Nxf6 27.Bh3 Qa8 28.Qe1 Qe8 
29.Qc1 Rb3 30.Re1 Qf8 31.Be6+ Kh8 32.Nxb5 Rxb4 33.Nd4 Nfh5 34.f5 gxf5 35.
Nxf5 Nf6 36.Nh6 Rb7 37.Rf1 Nge8 38.Ng4 Qg7 39.Nxf6 Nxf6 40.Qxc4 Re7 41.Qc3
Rc7 42.Qa1 Ng8 43.g3 Ra7 44.Qb1 Rb7 45.Qf5 Qb2 46.Bxg8 1-0

[Event "candidates (w)"]
[Site "Tilburg NED"]
[Date "1994.09.??"]
[Round "6"]
[White "Maric, Alisa"]
[Black "Polgar, Zsuzsa"]
[Result "0-1"]
[WhiteElo "2400"]
[BlackElo "2550"]
[EventDate "1994.09.10"]
[PlyCount "56"]

1.d4 d5 2.c4 c6 3.Nf3 e6 4.e3 f5 5.Bd3 Bd6 6.O-O Nf6 7.b3 Qe7 8.a4 a5 9.
Ba3 Bxa3 10.Nxa3 O-O 11.Qb1 Ne4 12.Qb2 Nd7 13.Nc2 b6 14.Rfc1 Bb7 15.Bf1 f4
16.Re1 c5 17.cxd5 exd5 18.exf4 Rxf4 19.Nd2 Qf6 20.Nxe4 dxe4 21.Bc4+ Kh8 
22.Re2 Rf8 23.Rf1 cxd4 24.Nxd4 Ne5 25.Ne6 Rg4 26.Nxf8 Nf3+ 27.Kh1 Qf4 28.
g3 Qh6 0-1

[Event "candidates (w)"]
[Site "Tilburg NED"]
[Date "1994.09.??"]
[Round "6"]
[White "Peng Zhaoqin"]
[Black "Ioseliani, Nana"]
[Result "1/2-1/2"]
[WhiteElo "2370"]
[BlackElo "2435"]
[EventDate "1994.09.10"]
[PlyCount "61"]

1.d4 d5 2.c4 e6 3.Nc3 Be7 4.Nf3 Nf6 5.Bg5 h6 6.Bh4 O-O 7.e3 b6 8.Qc2 Bb7 
9.Bxf6 Bxf6 10.cxd5 exd5 11.O-O-O c5 12.Kb1 cxd4 13.exd4 Nc6 14.Qf5 Ne7 
15.Qf4 Ng6 16.Qg3 Qb8 17.Bd3 Qxg3 18.hxg3 Ne7 19.Rhe1 Rad8 20.Bc2 Nc6 21.
Ba4 a6 22.Bxc6 Bxc6 23.Ne5 Bd7 24.Kc1 Bf5 25.Kd2 h5 26.Rc1 Rd6 27.Ne2 Be4 
28.Nf4 Bg5 29.f3 Bf5 30.Nd3 Bf6 31.Ne5 1/2-1/2

[Event "candidates (w)"]
[Site "Tilburg NED"]
[Date "1994.09.??"]
[Round "7"]
[White "Arakhamia, Ketevan"]
[Black "Peng Zhaoqin"]
[Result "1/2-1/2"]
[WhiteElo "2450"]
[BlackElo "2370"]
[EventDate "1994.09.10"]
[PlyCount "74"]

1.e4 e6 2.d4 d5 3.Nc3 Bb4 4.e5 c5 5.a3 Bxc3+ 6.bxc3 Ne7 7.Qg4 O-O 8.Bd3 
Nbc6 9.Qh5 Ng6 10.Nf3 Qc7 11.Be3 c4 12.Bxg6 fxg6 13.Qg4 Qf7 14.Ng5 Qf5 15.
Qe2 Rd8 16.g4 Qf8 17.f4 h6 18.Nf3 Bd7 19.a4 Rdb8 20.O-O b5 21.axb5 Rxb5 
22.Bc1 Kh7 23.Nh4 Qd8 24.Qf2 Rab8 25.Ba3 Ra5 26.Ng2 Rb6 27.Bd6 Rxa1 28.
Rxa1 Rb2 29.Ne3 Qb6 30.f5 Rb1+ 31.Rxb1 Qxb1+ 32.Qf1 Qxf1+ 33.Kxf1 gxf5 34.
gxf5 a5 35.Ke2 Na7 36.Kd2 Nb5 37.Bc5 a4 1/2-1/2

[Event "candidates (w)"]
[Site "Tilburg NED"]
[Date "1994.09.??"]
[Round "7"]
[White "Cramling, Pia"]
[Black "Foisor, Cristina"]
[Result "1/2-1/2"]
[WhiteElo "2525"]
[BlackElo "2405"]
[EventDate "1994.09.10"]
[PlyCount "135"]

1.d4 d6 2.c4 g6 3.e4 Bg7 4.Nc3 e5 5.Nf3 Nc6 6.Bg5 f6 7.Be3 Nh6 8.dxe5 dxe5
9.Qxd8+ Kxd8 10.O-O-O+ Bd7 11.h3 Nf7 12.c5 Kc8 13.Bb5 Be6 14.Kb1 Ne7 15.
Nd2 f5 16.exf5 gxf5 17.Bc4 Nd8 18.Bg5 Nec6 19.Nd5 Bxd5 20.Bxd5 Nd4 21.Nb3 
N8e6 22.Nxd4 Nxd4 23.Rxd4 exd4 24.Re1 h6 25.Bh4 d3 26.Re7 d2 27.Be6+ Kb8 
28.Kc2 Be5 29.Bxf5 Bf4 30.Re4 Bg5 31.Bg3 a5 32.h4 Rd8 33.Kd1 Bf6 34.Bf4 
Bxh4 35.g3 Bg5 36.Be5 Ra6 37.g4 Rc6 38.Bd4 Bf6 39.Be3 Bxb2 40.f4 Ba3 41.
Re5 Bb2 42.Re4 b6 43.Ra4 Bc3 44.Rc4 Bb4 45.Be4 Rf6 46.cxb6 cxb6 47.f5 Rc8 
48.Bf4+ Bd6 49.Rxc8+ Kxc8 50.Bxd2 Be5 51.Bd5 Kc7 52.Be6 Kd6 53.Ke2 Rxe6 
54.fxe6 a4 55.Bxh6 Kxe6 56.Kd3 b5 57.Bf8 Bf6 58.Bb4 Kd5 59.Ba3 Bh4 60.Bf8 
Bf6 61.Ba3 Bh4 62.Bb4 Bd8 63.Bd2 Be7 64.g5 b4 65.g6 Ke6 66.Kc4 b3 67.axb3 
axb3 68.Kxb3 1/2-1/2

[Event "candidates (w)"]
[Site "Tilburg NED"]
[Date "1994.09.??"]
[Round "7"]
[White "Ioseliani, Nana"]
[Black "Maric, Alisa"]
[Result "1/2-1/2"]
[WhiteElo "2435"]
[BlackElo "2400"]
[EventDate "1994.09.10"]
[PlyCount "124"]

1.d4 Nf6 2.c4 e6 3.Nc3 Bb4 4.Bd2 O-O 5.Nf3 d5 6.e3 b6 7.Bd3 Bb7 8.O-O dxc4
9.Bxc4 c5 10.a3 Bxc3 11.Bxc3 Ne4 12.Rc1 Nxc3 13.Rxc3 Nd7 14.Be2 cxd4 15.
Qxd4 Nf6 16.Qxd8 Raxd8 17.Rc7 Rb8 18.Rfc1 Nd5 19.R7c2 Rbc8 20.Nd4 a6 21.
Nc6 Rc7 22.Bf3 Ne7 23.Nxe7+ Rxe7 24.Kf1 g6 25.Rc7 Rxc7 26.Rxc7 Bxf3 27.
gxf3 Rd8 28.Rc6 Rb8 29.b4 Kf8 30.Ke2 Rb7 31.Rc8+ Ke7 32.Ra8 a5 33.bxa5 
bxa5 34.Rxa5 Rb2+ 35.Kf1 Ra2 36.Ra7+ Kf6 37.f4 h6 38.h4 h5 39.Kg2 Ra1 40.
a4 Ra3 41.a5 Ra4 42.Ra6 Kf5 43.Kf3 Ra2 44.Ra7 Kf6 45.a6 e5 46.fxe5+ Kxe5 
47.Kg3 Ra3 48.Ra8 Kf5 49.a7 Ra4 50.f3 Kf6 51.e4 Ra2 52.e5+ Kg7 53.f4 Ra3+ 
54.Kf2 Kh7 55.Ke2 Kg7 56.Kd2 Kh7 57.Kc2 Kg7 58.Kb2 Ra6 59.Kb3 Ra1 60.Kb4 
Rb1+ 61.Kc5 Rc1+ 62.Kd6 Rd1+ 1/2-1/2

[Event "candidates (w)"]
[Site "Tilburg NED"]
[Date "1994.09.??"]
[Round "8"]
[White "Galliamova-Ivanchuk, Alisa"]
[Black "Cramling, Pia"]
[Result "1-0"]
[WhiteElo "2475"]
[BlackElo "2525"]
[EventDate "1994.09.10"]
[PlyCount "87"]

1.c4 Nf6 2.d4 c5 3.d5 b5 4.cxb5 a6 5.Nc3 axb5 6.e4 b4 7.Nb5 d6 8.Bf4 g5 9.
Be3 Nxe4 10.Bd3 Nf6 11.Bxg5 Bg7 12.Ne2 Nbd7 13.O-O Ne5 14.Ng3 Qb6 15.a4 
Rg8 16.Re1 Kf8 17.Bf5 Bb7 18.f4 Ng6 19.Qe2 Qd8 20.Ne4 Nxe4 21.Qxe4 h6 22.
Bxg6 hxg5 23.fxg5 Bd4+ 24.Nxd4 Rxg6 25.Qxg6 fxg6 26.Ne6+ Ke8 27.Nxd8 Kxd8 
28.Re6 Bxd5 29.Rxg6 c4 30.Rh6 Kd7 31.g6 Be4 32.g7 Rg8 33.Rh4 d5 34.Rg4 Bh7
35.Rd1 e6 36.Rxc4 b3 37.Rb4 Kc6 38.Rc1+ Kd6 39.Rb7 Bc2 40.Rf1 d4 41.Rf8 
Bh7 42.Rxg8 Bxg8 43.Rb8 Bf7 44.g8=Q 1-0

[Event "candidates (w)"]
[Site "Tilburg NED"]
[Date "1994.09.??"]
[Round "8"]
[White "Maric, Alisa"]
[Black "Arakhamia, Ketevan"]
[Result "1/2-1/2"]
[WhiteElo "2400"]
[BlackElo "2450"]
[EventDate "1994.09.10"]
[PlyCount "119"]

1.d4 Nf6 2.Nf3 g6 3.c4 Bg7 4.g3 O-O 5.Bg2 d6 6.O-O Nc6 7.Nc3 e5 8.h3 Nd7 
9.Bg5 f6 10.Be3 Ne7 11.dxe5 dxe5 12.c5 c6 13.b4 h6 14.Qb3+ Kh7 15.Rfd1 f5 
16.Rab1 Qe8 17.a4 e4 18.Nd4 Nf6 19.Bf4 Ned5 20.Bd6 Rf7 21.e3 a5 22.b5 Nxc3
23.Qxc3 Nd5 24.Qd2 Nb4 25.Nb3 Be6 26.Bf1 Bd5 27.Nd4 Rd7 28.Nc2 Nd3 29.Bxd3
exd3 30.Qxd3 Qe4 31.Qxe4 Bxe4 32.bxc6 Bxc6 33.Nd4 Bxa4 34.Rd2 Bc6 35.Ra2 
a4 36.Rb4 Bxd4 37.Rxd4 Ra5 38.g4 Rb5 39.Ra1 Rb2 40.gxf5 gxf5 41.Be5 Re7 
42.Bf6 Rf7 43.Rd6 Rc2 44.Bd4 Rf8 45.Rxc6 bxc6 46.Rxa4 f4 47.exf4 Rxf4 48.
Ra7+ Kg6 49.Rg7+ Kf5 50.Be3 Rf3 51.Rc7 Rxe3 52.fxe3 Rxc5 53.Kf2 Ke4 54.
Re7+ Re5 55.Rxe5+ Kxe5 56.Kf3 c5 57.Ke2 Ke4 58.Kd2 h5 59.h4 c4 60.Kc3 
1/2-1/2

[Event "candidates (w)"]
[Site "Tilburg NED"]
[Date "1994.09.??"]
[Round "8"]
[White "Polgar, Zsuzsa"]
[Black "Ioseliani, Nana"]
[Result "1/2-1/2"]
[WhiteElo "2550"]
[BlackElo "2435"]
[EventDate "1994.09.10"]
[PlyCount "57"]

1.d4 d5 2.c4 e6 3.Nc3 c5 4.cxd5 exd5 5.Nf3 Nc6 6.g3 Nf6 7.Bg2 Be7 8.O-O 
O-O 9.dxc5 Bxc5 10.Bg5 d4 11.Bxf6 Qxf6 12.Nd5 Qd8 13.Nf4 Bf5 14.Rc1 Bb6 
15.Nd2 Rc8 16.Nb3 Qd6 17.Nd5 Rfd8 18.Qd2 Be6 19.Nxb6 axb6 20.Rfd1 Ra8 21.
Bxc6 Bxb3 22.axb3 bxc6 23.e3 c5 24.exd4 Qxd4 25.Qxd4 Rxd4 26.Rxd4 cxd4 27.
Rc4 Rd8 28.Kf1 g5 29.Ke2 1/2-1/2

[Event "candidates (w)"]
[Site "Tilburg NED"]
[Date "1994.09.??"]
[Round "9"]
[White "Cramling, Pia"]
[Black "Peng Zhaoqin"]
[Result "1-0"]
[WhiteElo "2525"]
[BlackElo "2370"]
[EventDate "1994.09.10"]
[PlyCount "71"]

1.d4 Nf6 2.c4 g6 3.Nc3 Bg7 4.e4 d6 5.Nf3 O-O 6.Be2 e5 7.d5 a5 8.h3 Na6 9.
Bg5 h6 10.Be3 Nc5 11.Nd2 c6 12.Qc2 Bd7 13.Nb3 Nxb3 14.Qxb3 a4 15.Qc2 cxd5 
16.exd5 Bf5 17.Qd2 Ne4 18.Nxe4 Bxe4 19.O-O g5 20.Qb4 Qd7 21.Rfd1 a3 22.b3 
f5 23.c5 Bc2 24.c6 Qe7 25.cxb7 Rab8 26.Ba6 e4 27.Rac1 Bxd1 28.Rxd1 Rf7 29.
Rc1 Kh7 30.Rc6 Bb2 31.Ba7 Rxb7 32.Bxb7 Qxb7 33.Qxd6 Bf6 34.Bb6 Qe7 35.Qxe7
Rxe7 36.Rxf6 1-0

[Event "candidates (w)"]
[Site "Tilburg NED"]
[Date "1994.09.??"]
[Round "9"]
[White "Foisor, Cristina"]
[Black "Galliamova-Ivanchuk, Alisa"]
[Result "1/2-1/2"]
[WhiteElo "2405"]
[BlackElo "2475"]
[EventDate "1994.09.10"]
[PlyCount "169"]

1.c4 c6 2.Nf3 d5 3.e3 Nf6 4.Nc3 e6 5.Qc2 Nbd7 6.d4 Bd6 7.Be2 b6 8.O-O Bb7 
9.e4 Nxe4 10.Nxe4 dxe4 11.Qxe4 Nf6 12.Qc2 c5 13.dxc5 bxc5 14.Qa4+ Qd7 15.
Qxd7+ Kxd7 16.Rd1 Ke7 17.h3 a5 18.Be3 Ra6 19.Rd3 Rb6 20.Rad1 Rc8 21.b3 h6 
22.Ne1 Ne4 23.Bf3 f5 24.Nc2 Be5 25.Rd7+ Kf6 26.Bxe4 Bxe4 27.Na3 a4 28.f4 
Bb2 29.Nb5 axb3 30.axb3 Bc6 31.R7d6 Rb7 32.Rb1 Bxb5 33.cxb5 Ba3 34.Ra1 Bb4
35.Raa6 Re8 36.Rdb6 Rd7 37.Rc6 Rd3 38.Bxc5 Bxc5+ 39.Rxc5 Rxb3 40.Rd6 g5 
41.fxg5+ hxg5 42.b6 f4 43.Rc7 Ra8 44.Rc1 Ra5 45.Re1 Re5 46.Rxe5 Kxe5 47.
Rc6 Kf5 48.Kf2 e5 49.Ke2 Ke4 50.Kd2 Kd4 51.Rd6+ Kc5 52.Re6 Kd5 53.Rg6 Rg3 
54.Kc1 Kd4 55.h4 e4 56.h5 f3 57.gxf3 exf3 58.Rf6 Kc3 59.Rc6+ Kd4 60.Rc2 
Rg1+ 61.Kb2 Rg2 62.b7 Rxc2+ 63.Kxc2 f2 64.b8=Q f1=Q 65.Qd6+ Ke4 66.Qe6+ 
Kd4 67.Qd7+ Ke5 68.Qe8+ Kd5 69.Qd8+ Ke6 70.Qe8+ Kd5 71.Qg8+ Ke5 72.Qg7+ 
Ke6 73.Qg8+ Ke5 74.Qb8+ Ke6 75.Qb6+ Ke7 76.Qc5+ Ke6 77.Qe3+ Kf7 78.Qa7+ 
Kg8 79.Qa8+ Kg7 80.Qe8 Qf5+ 81.Kd2 g4 82.Ke1 Kh6 83.Qh8+ Kg5 84.h6 Qe6+ 
85.Kf2 1/2-1/2

[Event "candidates (w)"]
[Site "Tilburg NED"]
[Date "1994.09.??"]
[Round "10"]
[White "Arakhamia, Ketevan"]
[Black "Ioseliani, Nana"]
[Result "1-0"]
[WhiteElo "2450"]
[BlackElo "2435"]
[EventDate "1994.09.10"]
[PlyCount "81"]

1.e4 c5 2.Nf3 Nc6 3.d4 cxd4 4.Nxd4 Nf6 5.Nc3 d6 6.Bg5 e6 7.Qd2 a6 8.O-O-O 
h6 9.Be3 Qc7 10.f3 Rb8 11.Kb1 Be7 12.g4 Ne5 13.h4 b5 14.Bd3 Nfd7 15.g5 Nb6
16.f4 Nec4 17.Bxc4 Nxc4 18.Qd3 h5 19.Bc1 b4 20.Nce2 Nb6 21.g6 f6 22.Ng3 
Na4 23.f5 e5 24.Ne6 Bxe6 25.fxe6 Qa5 26.Ka1 Nc5 27.Qd5 b3 28.cxb3 Nxb3+ 
29.Kb1 Qxd5 30.exd5 Na5 31.Nf5 Rg8 32.Rh3 Rb5 33.Rc3 Kd8 34.Rc8+ Kxc8 35.
Nxe7+ Kd8 36.Nxg8 Nc4 37.b3 Rb7 38.Rg1 e4 39.Nxf6 e3 40.Ne4 Ke7 41.Kc2 1-0

[Event "candidates (w)"]
[Site "Tilburg NED"]
[Date "1994.09.??"]
[Round "10"]
[White "Cramling, Pia"]
[Black "Maric, Alisa"]
[Result "0-1"]
[WhiteElo "2525"]
[BlackElo "2400"]
[EventDate "1994.09.10"]
[PlyCount "120"]

1.d4 Nf6 2.c4 e6 3.Nf3 b6 4.Nc3 Bb7 5.a3 d5 6.cxd5 Nxd5 7.e3 Be7 8.Bb5+ c6
9.Bd3 Nxc3 10.bxc3 c5 11.O-O Nc6 12.Bb2 O-O 13.Qe2 cxd4 14.cxd4 Bf6 15.
Rad1 Rc8 16.e4 Na5 17.Rc1 Rxc1 18.Rxc1 Qb8 19.h4 Rc8 20.Rxc8+ Qxc8 21.h5 
Nb3 22.Bc4 Na5 23.Bd3 Nb3 24.Qe3 Nc5 25.Bc2 Nd7 26.Bb3 Qa8 27.Nd2 h6 28.f4
Be7 29.Qf3 Nf6 30.Bc2 Qc8 31.Bb1 Qc6 32.Qe2 Kf8 33.g4 Qa4 34.g5 hxg5 35.
fxg5 Nh7 36.g6 Ng5 37.h6 fxg6 38.hxg7+ Kg8 39.Nf3 Ba6 40.Bd3 Nxf3+ 41.Qxf3
Qb3 42.Be2 Qxb2 43.Bxa6 Qxd4+ 44.Kg2 Qb2+ 45.Be2 Qxa3 46.Qg4 Qa2 47.Kf1 
Kxg7 48.Qf3 Qa1+ 49.Kg2 Bc5 50.Kh3 Qc1 51.e5 Qg5 52.Qg3 Qxg3+ 53.Kxg3 g5 
54.Kf3 Bd4 55.Ke4 Bb2 56.Bg4 Kf7 57.Bh5+ Ke7 58.Be2 a5 59.Bb5 g4 60.Kf4 
Bxe5+ 0-1

[Event "candidates (w)"]
[Site "Tilburg NED"]
[Date "1994.09.??"]
[Round "10"]
[White "Foisor, Cristina"]
[Black "Peng Zhaoqin"]
[Result "1/2-1/2"]
[WhiteElo "2405"]
[BlackElo "2370"]
[EventDate "1994.09.10"]
[PlyCount "124"]

1.c4 c6 2.Nf3 d5 3.e3 Nf6 4.Nc3 e6 5.d4 Nbd7 6.Qc2 Bd6 7.Be2 O-O 8.O-O 
dxc4 9.Bxc4 b5 10.Be2 Bb7 11.Rd1 Qc7 12.e4 e5 13.dxe5 Nxe5 14.Nd4 Ng6 15.
g3 Rfe8 16.Nf5 Be5 17.Bf3 Ne7 18.Ne3 Rad8 19.Bd2 a6 20.Bg2 Qb6 21.a4 Ng6 
22.axb5 axb5 23.Ne2 c5 24.f3 c4 25.Kh1 h5 26.Nf5 h4 27.Be3 Rxd1+ 28.Rxd1 
Qa6 29.gxh4 b4 30.Bd4 Bc6 31.Qd2 Bd7 32.Bxe5 Nxe5 33.Ned4 Nd3 34.Bf1 Bxf5 
35.Nxf5 Rd8 36.Qg5 g6 37.Bxd3 Rxd3 38.Rg1 Nh7 39.Qe7 Qe6 40.Qxe6 fxe6 41.
Ne7+ Kf7 42.Nxg6 Kf6 43.f4 Rd4 44.e5+ Kf5 45.h5 Rd2 46.Rc1 c3 47.bxc3 b3 
48.Nh4+ Kxf4 49.Rf1+ Ke4 50.Nf3 Rc2 51.Nd4 Rxc3 52.Nb5 Rc5 53.Na3 b2 54.
Kg2 Rc1 55.h6 Kxe5 56.Rf7 Rc2+ 57.Rf2 Rxf2+ 58.Kxf2 Kd4 59.Ke2 Kc3 60.Ke3 
Kb3 61.Nb1 Kc2 62.Na3+ Kb3 1/2-1/2